000 00800nam0a2200253 4500
001 RU\NLR\ONL1\4112
005 20250613114403.0
035 _a(NLR Aleph) 009632865
090 _a9504935
_c9504935
100 _a20041015d1931 |||y0rusy50 ca
101 0 _achm
102 _aRU
105 _ay |||||||||
200 1 _aГэрманийсэ пашачэ класын илышыжэ дэн крэдалмашыже
210 _aЙошкар-Ола
_cМаробиздат
_d1931
215 _a60 с.
_d20
541 1 _aЖизнь и борьба рабочего класса в Германии
_zrus
700 1 _aМинский
_bГ.
_4070
801 0 _aRU
_bNLR
_c20041015
_gPSBO
852 _aNLR
_bОНЛ
_jМар.л./2-777
942 _cBOOK
980 _aNB